000 00732nam a2200181 a 4500
001 000028067
005 20200930031324.0
008 110406s1997 dr 000 0 spa d
040 _aDO-SdBNP
_bspa
_cBNPHU
100 1 _aMonclus C., Juan Francisco
_919465
245 1 0 _a500 preguntas contestadas por un abogado :
_bdivididas en cinco cuadernillos de 100 preguntas y respuestas /
_cJuan Francisco Monclus C.
246 1 0 _aQuinientas preguntas contestadas por un abogado :
_bdivididas en cinco cuadernillos de 100 preguntas y respuestas
260 _aSanto Domingo :
_bLibrería y Papelería la Filantropica,
_c1997.
300 _a33 p. ;
_c22 cm.
490 1 _a500 Preguntas
_v4
830 0 _a500 Preguntas
_v4
_955090
049 _aBNPD
999 _c27559
_d27559